1345 1087 1412 1430 1243 1152 1429 1458 1659 1393 1553 1848 1122 1721 1814 1179 1171 1605 1458 1631 1888 1336 1245 1123 1260 1483 1233 1176 1448 1562 1681 1421 1008 1436 1059 1168 1849 1264 1298 1999 1905 1372 1812 1494 1445 1522 1798 1979 1968 1273 1480 1974 1945 1424 1626 1802 1905 1668 1723 1976 1218 1294 1440 1822 1687 1434 1535 1496 1646 1724 1343 1803 1700 1963 1633 1591 1436 1867 1158 1283 1783 1011 1125 1798 1429 1043 1047 1018 1316 1169 1921 1799 1645 1232 1353 1648 1233 1454 1168 BCNSPRNW ULIB Ver.6.0+V

เปลี่ยนเป็นภาษาไทย

Change to English
 แสดงรายละเอียดบรรณานุกรม
  กลับหน้าหลัก

Brief Record : Get Marc (ISO 2709) : E-mail record : QR code < ปิดหน้าต่าง
LEADER : 00000nam 2200000uu 4500
001    13399107888
003     ULIB
008    110209s2542||||th 000 0 tha d
020    9746760645
060 04 WO184^bช921ภ 2542
100 0  ไชยยุทธ ธนไพศาล
245 10 ภาวะแทรกซ้อนของการผ่าตัด =^bComplications in surgery /^cไชยยุทธ ธนไพศาล
246 31 Complications in surgery
250    พิมพ์ครั้งที่ 1
260    [ขอนแก่น] :^bภาควิชาศัลยศาสตร์ คณะแพทยศาสตร์มหาวิทยาลัยขอนแก่น,^c2542
300    148 หน้า :^bภาพประกอบ ;^c30 ซม.
650  7 ภาวะแทรกซ้อนหลังศัลยกรรม
650  7 ศัลยกรรม
710 2  มหาวิทยาลัยขอนแก่น. ^bคณะแพทยศาสตร์. ^bภาควิชาศัลยศาสตร์
945    ^p150^l0^i026235
945    ^p150^l0^i026234
945    ^p150^l0^i017523
945    ^p150^l0^i012969
945    ^p150^l0^i017522
945    ^p150^l0^i012968
945    ^p150^l0^i012966
945    ^p150^l0^i012965
945    ^p150^l0^i012964
945    ^p150^l0^i012963
945    ^p150^l0^i012962
945    ^p150^l0^i012961
945    ^p150^l0^i026233
945    ^p150^l0^i012967
945    ^p150^l0^i012960
995    ทศพร
999 ^a ใช้งานได้ทุกระบบ
รายการนี้ยังไม่มีแท็ก
คุณยังไม่ได้ล็อกอิน คุณสามารถมีกิจกรรมร่วมกับเว็บไซต์ได้ แต่ต้องล็อกอินก่อน ::
  ล็อกอิน

รายการสื่อสารสนเทศ

ลำดับที่ ประเภท เลขเรียก/บาร์โค้ด สถานที่ สถานะ
- ไม่พบข้อมูล -

รายการใกล้เคียง
    หัวเรื่อง [ภาวะแทรกซ้อนหลังศัลยกรรม]
    หัวเรื่อง [ศัลยกรรม]

BibComment


ยังไม่เคยถูกคอมเมนท์

คอมเมนท์ทรัพยากรรายการนี้
  คอมเมนท์: ภาวะแทรกซ้อนของกา..


 Copyright 2026. Bcnsprnw @Library